000 01280nam1a22002891i 4500
001 v19\rc\1451197
005 20260405151849.0
035 _a(NLR Aleph) 005226175
090 _a5556743
_c5556743
100 _a20060620d1873 |||y0rusy50 ca
101 1 _arus
_cger
102 _aRU
105 _ay z |||||
200 1 _aКартины из истории римских нравов от Августа до последнего из Антонинов
_eНеобходимое пособие при изуч. рим. классиков, соч. Л. Фридлендера, пер. Надежды Белозерской с 3 испр. изд. Т. 1-
210 _aСанкт-Петербург
_cС.В. Звонарев
_d1873
215 _d23
320 _aБиблиогр. в примеч.
700 1 _aФридлендер
_bЛ.
_f1824-1909
_gЛюдвиг
702 1 _4730
_8rus
_7ca
_aБелозерская
_bН. А.
_f1838-1912
_gНадежда Александровна
_3RU\NLR\AUTH\7763002
_945932
801 2 _aRU
_bNLR
_c20080331
_2rusmarc
801 0 _aRU
_bNLR
_c20060620
_gpsbo
801 0 _aRU
_bRuMoRGB
_c20060620
_2psbo
801 1 _aRU
_bProSoft-M
_c20060620
_2rusmarc
852 _aNLR
_j18.6.8.36
852 _aNLR
_j133/1650
852 _aNLR
_bМф
_jК1/8020
942 _cBOOK